<?xml version="1.0" encoding="UTF-8"?>
<record
    xmlns:xsi="http://www.w3.org/2001/XMLSchema-instance"
    xsi:schemaLocation="http://www.loc.gov/MARC21/slim http://www.loc.gov/standards/marcxml/schema/MARC21slim.xsd"
    xmlns="http://www.loc.gov/MARC21/slim">

  <leader>00693nam a22002057a 4500</leader>
  <datafield tag="999" ind1=" " ind2=" ">
    <subfield code="c">442506</subfield>
    <subfield code="d">442506</subfield>
  </datafield>
  <controlfield tag="003">UA-OsUOA</controlfield>
  <controlfield tag="005">20191011114328.0</controlfield>
  <controlfield tag="008">191011b        un ||||| |||| 00| 0 ukr d</controlfield>
  <datafield tag="040" ind1=" " ind2=" ">
    <subfield code="a">UA-OsUOA</subfield>
    <subfield code="b">ukr</subfield>
    <subfield code="c">UA-OsUOA</subfield>
    <subfield code="d">UA-OsUOA</subfield>
  </datafield>
  <datafield tag="041" ind1=" " ind2=" ">
    <subfield code="a">ukr</subfield>
  </datafield>
  <datafield tag="080" ind1=" " ind2=" ">
    <subfield code="a">811.111</subfield>
  </datafield>
  <datafield tag="090" ind1=" " ind2=" ">
    <subfield code="a">811.111</subfield>
  </datafield>
  <datafield tag="100" ind1=" " ind2=" ">
    <subfield code="a">&#x41F;&#x430;&#x439;&#x43B; &#x41C;</subfield>
  </datafield>
  <datafield tag="245" ind1=" " ind2=" ">
    <subfield code="a">&#x41F;&#x43E;&#x441;&#x43E;&#x431;&#x438;&#x435; &#x434;&#x43B;&#x44F; &#x43F;&#x43E;&#x434;&#x433;&#x43E;&#x442;&#x43E;&#x432;&#x43A;&#x438; &#x43A; &#x44D;&#x43A;&#x437;&#x430;&#x43C;&#x435;&#x43D;&#x430;&#x43C; &#x43F;&#x43E; &#x430;&#x43D;&#x433;&#x43B;&#x438;&#x439;&#x441;&#x43A;&#x43E;&#x43C;&#x443; &#x44F;&#x437;&#x44B;&#x43A;&#x443;</subfield>
    <subfield code="b">&#x443;&#x447;&#x435;&#x431;&#x43D;&#x43E;&#x435; &#x438;&#x437;&#x434;&#x430;&#x43D;&#x438;&#x435;</subfield>
    <subfield code="c">&#x41C;&#x430;&#x439;&#x43A;&#x43B; &#x410;. &#x41F;&#x430;&#x439;&#x43B;, &#x41C;&#x44D;&#x440;&#x438; &#x42D;&#x43B;&#x43B;&#x435;&#x43D; &#x41C;&#x443;&#x43D;&#x44C;&#x43E;&#x441; ; &#x440;&#x435;&#x434;. &#x414;&#x436;&#x435;&#x440;&#x440;&#x438; &#x411;&#x43E;&#x431;&#x440;&#x43E;&#x443;</subfield>
  </datafield>
  <datafield tag="300" ind1=" " ind2=" ">
    <subfield code="a">231 &#x441;.</subfield>
  </datafield>
  <datafield tag="440" ind1=" " ind2=" ">
    <subfield code="a">&#x41A;&#x43B;&#x438;&#x444;&#x444;&#x441;</subfield>
  </datafield>
  <datafield tag="700" ind1="1" ind2=" ">
    <subfield code="a">&#x41F;&#x430;&#x439;&#x43B; &#x41C;., &#x41C;&#x443;&#x43D;&#x44C;&#x43E;&#x441; &#x41C;</subfield>
  </datafield>
  <datafield tag="942" ind1=" " ind2=" ">
    <subfield code="2">udc</subfield>
    <subfield code="c">BK</subfield>
  </datafield>
  <datafield tag="955" ind1=" " ind2=" ">
    <subfield code="a">2</subfield>
  </datafield>
  <datafield tag="952" ind1=" " ind2=" ">
    <subfield code="0">0</subfield>
    <subfield code="1">0</subfield>
    <subfield code="2">udc</subfield>
    <subfield code="4">0</subfield>
    <subfield code="7">0</subfield>
    <subfield code="a">101</subfield>
    <subfield code="b">101</subfield>
    <subfield code="d">2024-05-24</subfield>
    <subfield code="l">1</subfield>
    <subfield code="o">811.111</subfield>
    <subfield code="p">15051</subfield>
    <subfield code="q">2024-08-22</subfield>
    <subfield code="r">2024-05-24 11:46:09</subfield>
    <subfield code="s">2024-05-24</subfield>
    <subfield code="w">2024-05-24</subfield>
    <subfield code="y">BK</subfield>
  </datafield>
</record>
